Sintaxis / (Record no. 6622)

MARC details
000 -LEADER
campo de control de longitud fija 00781nam a2200253 i 4500
001 - NÚMERO DE CONTROL
campo de control 6622
003 - IDENTIFICADOR DE NÚMERO DE CONTROL
campo de control ES-MaACL
005 - FECHA Y HORA DE LA ÚLTIMA TRANSACCIÓN
campo de control 20230906145023.0
007 - CAMPO FIJO DE DESCRIPCIÓN FÍSICA--INFORMACIÓN GENERAL
campo de control de longitud fija t|
008 - DATOS DE LONGITUD FIJA--INFORMACIÓN GENERAL
campo de control de longitud fija 900206s1987 sp ||||1| spa d
020 ## - NÚMERO INTERNACIONAL ESTÁNDAR DEL LIBRO
Número Internacional Estándar del Libro 84-249-1081-8
080 ## - NÚMERO DE LA CLASIFICACIÓN DECIMAL UNIVERSAL
Número de la Clasificación Decimal Universal 48.2
100 1# - ENTRADA PRINCIPAL--NOMBRE DE PERSONA
Nombre de persona Apolonio Discolo.
9 (RLIN) 22101
245 10 - MENCIÓN DEL TÍTULO
Título Sintaxis /
Mención de responsabilidad, etc. Apolonio Discolo ; introduccion, traduccion y notas por Vicente Becares Botas.
260 ## - PUBLICACIÓN, DISTRIBUCIÓN, ETC.
Lugar de publicación, distribución, etc. Madrid :
Nombre del editor, distribuidor, etc. Gredos,
Fecha de publicación, distribución, etc. 1987.
300 ## - DESCRIPCIÓN FÍSICA
Extensión 409 p. ;
Dimensiones 20 cm.
490 1# - MENCIÓN DE SERIE
Mención de serie Biblioteca clásica Gredos ;
Designación de volumen o secuencia 100
500 ## - NOTA GENERAL
Nota general Indices.
650 14 - PUNTO DE ACCESO ADICIONAL DE MATERIA--TÉRMINO DE MATERIA
Término de materia o nombre geográfico como elemento de entrada Lengua griega-
Subdivisión general Sintaxis.
9 (RLIN) 14249
700 1# - ENTRADA AGREGADA--NOMBRE PERSONAL
Nombre de persona Bécares Botas, Vicente.
9 (RLIN) 26861
830 0# - PUNTO DE ACCESO ADICIONAL DE SERIE-TÍTULO UNIFORME
Título uniforme Biblioteca clásica Gredos ;
Designación de volumen o secuencia 100
9 (RLIN) 177556
852 ## - LOCALIZACIÓN
Ubicación ES-MaACL
Número de control de estantería L-13805
Sublocalización o colección R.117369
Nota libre . - plast.
Holdings
Estatus retirado Estado de pérdida Estado de daño No para préstamo Biblioteca de origen Biblioteca actual Ubicación en estantería Fecha de adquisición Fuente de adquisición Total de préstamos Signatura topográfica completa Código de barras Visto por última vez Precio de reemplazo Tipo de ítem Koha
        Biblioteca del Ateneo de Madrid Biblioteca del Ateneo de Madrid Depósito 2 17/01/2008     L-13805 1006746 23/02/2023 23/02/2023 Libro impreso